000 00652nam a2200229 a 4500
008
020 _a1560536160 (pbk.)
049 _aMAIN
090 _aRL72
_bFIT
100 1 _aFitzpatrick, James E.
245 1 0 _aDermatology secrets in color /
_cJames E, Fitzpatrick and Joseph G. Morelli.
260 _aPennsylvania :
_bMosby,
_c2007.
300 _a3rd ed.
300 _axvii, 543 p. :
_bcol ill. ;
_c23 cm.
650 1 _aDermatology.
700 _aMorelli, Joseph G.
907 _a.b10320593
_b18-10-13
_c12-10-12
003
005 20230120204114.0
040 _cNUST
942 _cBOOKS
_kRL72
_mFIT
999 _c117212
_d117212